Finaliste de la ligue des champions - Mort Subite - Statistiques

Statistiques générales
  • Ce quiz a été pris 130 fois
  • Le résultat moyen est 6 sur 22
Answers on the Grid
Answers color-coded by a green-red scale on the quiz's grid according to % correct below.
Borussia Dortmund - 2012
Atlético Madrid - 1974
Manchester City - 2021
Barcelone - 2008
Reims - 1956
Tottenham - 2019
Juventus - 2002
Borussia Dortmund - 2024
Leverkusen - 2003
Liverpool - 2007
AS Monaco - 2003
Malmö - 1979
Borussia Mönchengladbach - 1978
Real Madrid - 1981
Milan AC - 1993
Leicester - 1990
Inter Milan - 2025
Atlético Madrid - 2016
Bayern - 1998
Barcelone - 1986
Juventus - 1997
Valencia - 2001
Ajax - 1968
Florentina - 1957
Milan AC - 2005
Panathinaïkos - 1971
Leeds United - 1977
Arsenal - 2006
PSG - 2021
OM - 1992
Ajax - 1994
Sampdoria - 1992
Liverpool - 2017
OM - 1991
Real Madrid - 1963
AS Saint Etienne - 1976
 
Statistiques - réponses
Réponse % Correct
Manchester City - 2021
75%
Borussia Dortmund - 2024
61%
Tottenham - 2019
57%
Reims - 1956
47%
Inter Milan - 2025
39%
Atlético Madrid - 2016
36%
Liverpool - 2007
36%
Arsenal - 2006
32%
Milan AC - 1993
32%
AS Saint Etienne - 1976
31%
OM - 1991
30%
Milan AC - 2005
23%
Valencia - 2001
21%
Juventus - 1997
19%
Atlético Madrid - 1974
16%
Florentina - 1957
8%
Real Madrid - 1981
8%
Sampdoria - 1992
8%
Barcelone - 1986
6%
Malmö - 1979
6%
Real Madrid - 1963
5%
Panathinaïkos - 1971
1%
Aucun quiz correspondant
Distribution des résultats
% des personnes avec chaque résultat
Percentile par nombre de réponses
Votre historique - résultats
Vous n’avez pas pris ce quiz